000 00340nam a2200145Ia 4500
008 230711s9999||||xx |||||||||||||| ||und||
041 _aENG
082 _a530
_bWE-P
100 _aWeaver,Jefferson Hane
245 0 _aWorld of Physics
250 _a1st Ed.
260 _c1986
_aNew Delhi
_bSimon & Schuster
650 _aPhysics
942 _cBK
999 _c2059
_d2059